Để sống giàu có và hạnh phúc trong thời đại mới

Αποθηκεύτηκε σε:
Λεπτομέρειες βιβλιογραφικής εγγραφής
Κύριος συγγραφέας: Robert T Kiyosaki
Μορφή: Βιβλίο
Γλώσσα:Undetermined
Έκδοση: Tp. HCM Trẻ 1997
Θέματα:
Ετικέτες: Προσθήκη ετικέτας
Δεν υπάρχουν, Καταχωρήστε ετικέτα πρώτοι!
Thư viện lưu trữ: Trung tâm Học liệu Trường Đại học Cần Thơ
LEADER 00549nam a2200169Ia 4500
001 CTU_27409
008 210402s9999 xx 000 0 und d
082 |a 370.1 
082 |b K62 
100 |a Robert T Kiyosaki 
245 0 |a Để sống giàu có và hạnh phúc trong thời đại mới 
245 0 |c Robert T Kiyosaki; Dịch giả: Thuận Châu 
260 |a Tp. HCM 
260 |b Trẻ 
260 |c 1997 
650 |a education - philosophy,educational psychology 
980 |a Trung tâm Học liệu Trường Đại học Cần Thơ